000 00748aas a2200241 4500
999 _c1181
_d1181
003 BR-BrBNA
005 20230317233100.0
007 ta
008 230119b bl ||||| |||| 00| 0 por d
022 _a0483-092X
035 _a000485-5
040 _aBR-BrBNA
_bPor
_cBR-BrBNA
042 _a024339-6
044 _abl
245 _aComunicado Técnico - Instituto de Ecologia e Experimentação Agrícolas (Brazil)
260 _aBrasília-DF
_bInstituto de Ecologia e Experimentação Agrícolas
_c1957. Data final de publicação em 1962
_eBDF
270 _aEsplanada dos Ministérios - Bloco D - 70000-000
310 _airregular
505 _a1957-58 (1-6); 1960-62 (8-17);
650 1 2 _gAGRICULTURA
909 _a56
_bSergio Santos
_c56
_dSergio Santos
942 _cCR
_2AGRIS